Experimental Methods for Engineers /

محفوظ في:
التفاصيل البيبلوغرافية
المؤلف الرئيسي: Holman, J. P.
مؤلفون آخرون: Gajda, W. J.
التنسيق: Sách giấy
اللغة:English
منشور في: New York : McGraw-Hill, 1978
الوسوم: إضافة وسم
لا توجد وسوم, كن أول من يضع وسما على هذه التسجيلة!
Thư viện lưu trữ: Thư viện Trường Đại học Đà Lạt
LEADER 00604nam a2200253 4500
001 DLU020000904
005 ##1/7/1999
020 # # |a 0-07-029601-4 
041 # # |a eng 
082 # # |a 620.002 8  |b HO-J 
100 # # |a Holman, J. P. 
245 # # |a Experimental Methods for Engineers /  |c J. P. Holman, W. J. Gajda 
260 # # |a New York :  |b McGraw-Hill,  |c 1978 
300 # # |a IX, 493 tr.;  |c 23 cm. 
700 # # |a Gajda, W. J. 
992 # # |a 8000 
994 # # |a DLU 
900 # # |a False 
911 # # |a Administrator 
925 # # |a G 
926 # # |a A 
927 # # |a SH 
980 # # |a Thư viện Trường Đại học Đà Lạt